000 00438nam a2200169Ia 4500
008 230917s9999||||xx |||||||||||||| ||und||
040 _e241421
_aMAIN
041 _aEnglish
082 _a576 S54M(4)
100 _aSlonczewski, Joan L
245 0 _aMicrobiology: An evolving science
250 _a4th ed.
260 _aNew York
_bW W Norton
_c2017
300 _axxxiv, 1174 p.
500 _a2802 31/07/2017 Main Budget
942 _cBK
999 _c23409
_d23409